| 000 | 00466 a2200181 4500 | ||
|---|---|---|---|
| 003 | Nust | ||
| 005 | 20201109181939.0 | ||
| 038 | _aATTAULLAH | ||
| 040 | _cNust | ||
| 082 | _a621.382 | ||
| 100 |
_aBajawa, Umer Hayat (MSEE-20) _934999 |
||
| 245 |
_aImage Steganography with Improved PSNR / _cUmer Hayat Bajwa |
||
| 260 |
_aRawalpind _bMCS,NUST _cJanuary 2016 |
||
| 300 | _ax, 72 p | ||
| 650 |
_aPG Thesis _935000 |
||
| 651 |
_aMSEE-20 _935001 |
||
| 942 |
_cTHE _2ddc |
||
| 999 |
_c217718 _d217718 |
||